000 00824nam a2200289 a 4500
003 AR-BaBNM
005 20251128204122.0
008 082120s2002 ||||||||||||||000 | spa||
020 _a950-25-1538-2
040 _cAR-BaBNM
100 1 _aSoneira, Abelardo Jorge
245 0 0 _aLas estrategias institucionales de la Iglesia Católica
_b1880-1976. 1
260 _aBuenos Aires
_bCentro Editor de América Latina
_c1989
300 _a91 p.
490 0 _aBiblioteca política Argentina
_vv. 269
610 2 4 _aIGLESIA CATOLICA
650 4 _aHISTORIA ARGENTINA
650 4 _aPOLITICA
650 4 _aHISTORIA DE LAS RELIGIONES
650 4 _aIGLESIA CATOLICA
650 4 _aCATOLICISMO
650 4 _aIGLESIA Y ESTADO
651 4 _aArgentina
800 1 _aTroncoso, Oscar
_edirector
942 _cBK
998 _cenrique
999 _c6252
_d6252